| 000 | 00695nam a2200217 a 4500 | ||
|---|---|---|---|
| 005 | 20240925065458.0 | ||
| 008 | 010903s2000 r 000 0 eng d | ||
| 020 | _a8487682383 | ||
| 035 | _aUPN01000110873 | ||
| 049 | _aCG | ||
| 050 | 4 |
_aLC189 _bW5.48 |
|
| 100 | 1 | _aWhitty, Geoff | |
| 245 | 1 | 0 |
_aTeoría social y política educativa : _bensayos de sociología y política de la educación / _cGeoff Whitty ; tr. José M. Pomares. |
| 260 |
_aValencia, Esp. : _bPomares-Corredor, _c2000. |
||
| 300 | _a223 p. | ||
| 440 | 0 | _aEducación y conocimiento | |
| 650 | 4 |
_aEducación _xAspectos sociales _95311 |
|
| 650 | 4 |
_aSociología de la educación _94896 |
|
| 902 | _aMITM/pgv | ||
| 905 | _aLibro | ||
| 999 |
_c84782 _d84782 |
||